000
00248nam a2200097Ia 4500
008
170619s9999 xx 000 0 und d
100
_a
Arora- K.R
245
0
_a
Fluid Mechanics- Hydraulics & Hydraulic Machines
260
_b
Scientific Pub.
260
_c
2012
546
_a
ENGLISH
999
_c
21594
_d
21594